70 Most Mentioned Characters in the Silmarillion - Statistics

General Stats
  • This quiz has been taken 1,068 times
  • The average score is 38 of 71
Answer Stats
Mentions Race Character % Correct
174 Maia Sauron
94%
29 Half-elf Elrond
89%
27 Elf Galadriel
88%
486 Vala Melkor / Morgoth
88%
26 Maia Olórin / Gandalf
82%
139 Man Beren
80%
202 Elf Fëanor
80%
134 Elf Lúthien
78%
176 Eru Ilúvatar
76%
137 Vala Manwë
76%
91 Elf Fingolfin
74%
108 Man Húrin
71%
158 Elf Elwë / Elu Thingol
70%
178 Man Túrin Turambar
70%
50 Elf Finwë
68%
62 Half-elf Eärendil
67%
16 Half-elf Elros / Tar-Minyatur
67%
85 Vala Ulmo
66%
17 Maia Curunir / Saruman
65%
101 Elf Finrod Felagund
65%
94 Maia Melian
64%
55 Vala Aulë
63%
57 Vala Yavanna
63%
36 Elf Finarfin
62%
74 Elf Maedhros
61%
36 Man Tuor
61%
62 Elf Fingon
59%
53 Vala Námo / Mandos
58%
101 Elf Turgon
58%
34 Vala Varda / Elbereth
58%
21 Man Huor
57%
25 Vala Tulkas
56%
30 other Ungoliant
56%
50 Vala Oromë
55%
45 Elf Curufin
54%
30 Half-elf Elwing
52%
26 Elf Ereinion / Gil-galad
52%
23 Elf Maglor
51%
30 Man Isildur
50%
30 Man Bëor
49%
51 Elf Celegorm
49%
41 Elf Eöl
49%
59 other Glaurung
49%
45 Elf Maeglin
49%
37 Man Elendil
47%
30 Elf Círdan
45%
42 other Huan
45%
19 Half-elf Dior
44%
27 Elf Idril
44%
28 Dwarf Mîm
44%
64 Elf Beleg
43%
23 Elf Caranthir
43%
36 Man Barahir
38%
48 Man Nienor / Níniel
37%
16 Elf Orodreth
37%
17 Maia Ossë
37%
17 Elf Olwë
36%
26 Man Ar-Pharazôn
35%
42 Man Morwen
35%
35 Elf Aredhel / Ar-Feiniel
34%
16 Maia Eönwë
34%
22 Man Haleth
32%
16 Elf Finduilas
30%
19 Man Hador
30%
17 other Carcharoth
29%
26 Elf Mablung
28%
18 other Thorondor
23%
35 Elf Gwindor
18%
28 Man Brandir
17%
16 Man Galdor
14%
17 Man Amandil
9%
No matching quizzes found
Score Distribution
Percent of People with Each Score
Percentile by Number Answered
Your Score History
You have not taken this quiz